Marcatori del Milan in UEFA Champions League 2013-2014 - Statistics

Statistiche generali
  • Questo quiz è stato fatto 23 volte
  • Il punteggio medio è 5 su 7
Statistiche sulle risposte
Partita Minuto Marcatore % Corretto
Celtic - Milan 0-3 13' Kaká
96%
Atletico Madrid - Milan 4-1 27' Kaká
96%
Ajax - Milan 1-1 94' Mario Balotelli
91%
Celtic - Milan 0-3 60' Mario Balotelli
91%
Milan - Barcellona 1-1 9' Robinho
48%
Milan - Celtic 2-0 86' Sulley Muntari
22%
Celtic - Milan 0-3 49' Cristián Zapata
17%
Nessun quiz corrispondente trovato
Distribuzione punteggi
Percentuale di utenti per punteggio
Percentile per numero di risposta
I tuoi punteggi nel tempo
Non hai fatto questo quiz